00439nam a22000977a 450000500170000010000210001724500720003826002000011065000180031065000130032820250812161333.0 aPatrayotin Nitus 0aIs there a need for a futures market for natural rubber in Thailand bProceedings of the International Rubber Marketing Conference 1996 held in Phuket, 11-13 April.roceedings of the International Rubber Marketing Conference 1996 held in Phuket, 11-13 April.p261-267 aRubber market aThailand